000 00689nam a2200229Ia 4500
001 12184
003 GE_BSU
008 181216s||||||||xx |||||||||||||| ||und||
020 _a5225046762
040 _cGE_BSU
080 _a615.83(075.8)
245 _aЧастная физиотерапия
245 _bУч. пособие для слушателей системы последипломного образования
245 _cПод.ред. Г.Н.Пономаренко
260 _aМосква
260 _bМедицина
260 _c2005
300 _a744стр.24см.
541 _h90Л.
653 _aЧастная физиотерапия
942 _cBK
999 _c45360
_d45360